Нормален изглед
MARC изглед
- Минчева-Бобадова, Ивелина Иванова
Вход 01. Лично име
001 - Контролен номер на записа
- Контролно поле: 489122
003 - Код на организацията, даваща контролен номер
- Контролно поле: BLK
005 - Дата и час на последна промяна на записа
- Контролно поле: 20241217100842.0
008 - Данни с фиксирана дължина – обща информация
- Данни с фиксирана дължина : 230912|| aca||aabn | a|a d
100 ## - ИМЕ НА ЛИЦЕ -ПЪРВИЧНА ИНТЕЛЕКТУАЛНА ОТГОВОРНОСТ
- Лично име: Минчева-Бобадова, Ивелина Иванова
942 ## - Системна служебна употреба
- Koha auth type: PERSO_NAME